000 00644nam a2200169 a 4500
001 000028930
005 20240229073823.0
008 110411s2007 dr 000 0 spa d
040 _aDO-SdBNP
_bspa
_cBNPHU
082 _axxxx
_bR426r
110 1 _aRepública Dominicana.
_bSuprema Corte de Justicia
_97906
245 1 0 _aResoluciones de interés general de la Suprema Corte de Justicia 2006 /
_cpresentación de Jorge A. Subero Isa.
260 _aSanto Domingo :
_bCentro de Documentación e Información Judicial Domicano,
_c2007
_fEditora Corripio
300 _a88 p. ;
_c22 cm.
700 1 _aSubero Isa, Jorge A.,
_d1947-
_976863
049 _aBNPD
999 _c28422
_d28422